20 greatest guitar solos of all time - Statistics

General Stats
  • This quiz has been taken 74 times
  • The average score is 6 of 20
Answer Stats
No. Answer % Correct
3 Comfortably numb
67%
5 Hotel California
59%
4 Stairway to heaven
57%
2 Eruption
50%
6 Sweet Child O' mine
50%
8 Free bird
45%
1 Bohemian Rhapsody
38%
9 Beat it
28%
11 All along the watchtower
26%
7 Sultans of swing
26%
12 Purple rain
24%
14 While my guitar gently weeps
24%
10 Crazy train
21%
16 Back in black
16%
15 Fade to black
16%
13 Highway star
10%
20 Cliffs of Dover
7%
18 For the love of God
5%
17 Still got the blues
3%
19 Reapers
2%
No matching quizzes found
Score Distribution
Percent of People with Each Score
Percentile by Number Answered
Your Score History
You have not taken this quiz